The best of love, courtship and marriage/ (Record no. 12292)
[ view plain ]
| 000 -LEADER | |
|---|---|
| fixed length control field | 00515nam a22001577a 4500 |
| 008 - FIXED-LENGTH DATA ELEMENTS--GENERAL INFORMATION | |
| fixed length control field | 190122b ||||| |||| 00| 0 eng d |
| 020 ## - INTERNATIONAL STANDARD BOOK NUMBER | |
| International Standard Book Number | 971-581-141-8 |
| 082 ## - DEWEY DECIMAL CLASSIFICATION NUMBER | |
| Edition number | ©2002 |
| Classification number | DFil 301.42 |
| Item number | F11 |
| 100 ## - MAIN ENTRY--PERSONAL NAME | |
| Personal name | Fabella, Armand T. |
| 9 (RLIN) | 33811 |
| 245 ## - TITLE STATEMENT | |
| Title | The best of love, courtship and marriage/ |
| Statement of responsibility, etc. | Armand T. Fabella & Aldenia F. de Angel |
| 300 ## - PHYSICAL DESCRIPTION | |
| Extent | 96 pages: |
| Other physical details | color illustrations; |
| Dimensions | 22 cm. |
| 500 ## - GENERAL NOTE | |
| General note | Includes references. |
| 650 ## - SUBJECT ADDED ENTRY--TOPICAL TERM | |
| Topical term or geographic name as entry element | Marriage |
| 9 (RLIN) | 34733 |
| 700 ## - ADDED ENTRY--PERSONAL NAME | |
| Personal name | de Angel, Aldenia F. |
| 9 (RLIN) | 34745 |
| 942 ## - ADDED ENTRY ELEMENTS (KOHA) | |
| Source of classification or shelving scheme | Dewey Decimal Classification |
| Koha item type | Filipiniana |
| Withdrawn status | Lost status | Source of classification or shelving scheme | Damaged status | Not for loan | Collection code | Home library | Current library | Source of acquisition | Total Checkouts | Full call number | Barcode | Date last seen | Copy number | Price effective from | Koha item type |
|---|---|---|---|---|---|---|---|---|---|---|---|---|---|---|---|
| Dewey Decimal Classification | Filipiniana | UM Digos College - LIC | UM Digos College - LIC | Purchased | DFil 301.42 F11 2002 | 16514 | 05/15/2025 | 1 | 01/22/2019 | Filipiniana |
